Welcome to CU Library Online Public Access Catalogue (OPAC)

Learning human anatomy : (Record no. 2210)

MARC details
000 -LEADER
fixed length control field 00754cam a2200217 a 4500
001 - CONTROL NUMBER
control field 13691398
005 - DATE AND TIME OF LATEST TRANSACTION
control field 20241214121741.0
008 - FIXED-LENGTH DATA ELEMENTS--GENERAL INFORMATION
fixed length control field 040818s2005 njua 001 0 eng
020 ## - INTERNATIONAL STANDARD BOOK NUMBER
International Standard Book Number 9780131433205
050 00 - LIBRARY OF CONGRESS CALL NUMBER
Classification number QM34
Item number .G88 2005
082 04 - DEWEY DECIMAL CLASSIFICATION NUMBER
Classification number 611
Edition information 20
100 1# - MAIN ENTRY--PERSONAL NAME
Personal name Guy, Julia F.
245 10 - TITLE STATEMENT
Title Learning human anatomy :
Remainder of title a laboratory text and workbook /
Statement of responsibility, etc. Julia F. Guy ; with illustrations by Pamela Blackshere Lewis, Susan J. Myers, Gina Lapurga.
250 ## - EDITION STATEMENT
Edition statement 3rd ed.
260 ## - PUBLICATION, DISTRIBUTION, ETC.
Place of publication, distribution, etc. Upper Saddle River, N.J. :
Name of publisher, distributor, etc. Pearson/Prentice Hall,
Date of publication, distribution, etc. c2005.
300 ## - PHYSICAL DESCRIPTION
Extent viii, 360 p. :
Other physical details ill. ;
Dimensions 28 cm. +
Accompanying material 1 CD-ROM (4 3/4 in.)
500 ## - GENERAL NOTE
General note Includes index.
650 #0 - SUBJECT ADDED ENTRY--TOPICAL TERM
Topical term or geographic name entry element Human anatomy
Form subdivision Laboratory manuals.
650 #2 - SUBJECT ADDED ENTRY--TOPICAL TERM
Topical term or geographic name entry element Anatomy.
942 ## - ADDED ENTRY ELEMENTS (KOHA)
Source of classification or shelving scheme Library of Congress Classification
Koha item type Books
Edition 3rd ed.
Suppress in OPAC No
999 ## -
-- 2210
-- 2210
Holdings
Withdrawn status Lost status Source of classification or shelving scheme Damaged status Not for loan Collection Home library Current library Shelving location Date acquired Total checkouts Full call number Barcode Date last seen Copy number Price effective from Koha item type
    Library of Congress Classification     Non-fiction Science Library (Miotso) Science Library (Miotso) General stacks 12/14/2024   QM23.2 .S25 GUY SLM00001401 12/14/2024 1 12/14/2024 Books
    Library of Congress Classification     Non-fiction Science Library (Miotso) Science Library (Miotso) General stacks 12/14/2024   QM23.2 .S25 GUY SLM00001402 12/14/2024 2 12/14/2024 Books
    Library of Congress Classification     Non-fiction Science Library (Miotso) Science Library (Miotso) General stacks 12/14/2024   QM23.2 .S25 GUY SLM00001403 12/14/2024 3 12/14/2024 Books
    Library of Congress Classification     Non-fiction Science Library (Miotso) Science Library (Miotso) General stacks 12/14/2024   QM23.2 .S25 GUY SLM00001404 12/14/2024 4 12/14/2024 Books
    Library of Congress Classification     Non-fiction Science Library (Miotso) Science Library (Miotso) General stacks 12/14/2024   QM23.2 .S25 GUY SLM00001405 12/14/2024 5 12/14/2024 Books
© 2023-2024 Copyright: Central University Libraries. All Rights Reserved | Created by: Mahone Tech Office